ACCESS CONTROL, AUNTHENTICATION, AND PUBLIC KEY INFRASTRUCTURE (Record no. 215722)

MARC details
000 -LEADER
fixed length control field 00487nam a22001697a 4500
008 - FIXED-LENGTH DATA ELEMENTS--GENERAL INFORMATION
fixed length control field 250620b |||||||| |||| 00| 0 eng d
020 ## - INTERNATIONAL STANDARD BOOK NUMBER
International Standard Book Number 978-0-7637-9128-5
100 ## - MAIN ENTRY--PERSONAL NAME
Personal name BALLAD BILL
245 ## - TITLE STATEMENT
Title ACCESS CONTROL, AUNTHENTICATION, AND PUBLIC KEY INFRASTRUCTURE
260 ## - PUBLICATION, DISTRIBUTION, ETC.
Place of publication, distribution, etc. LONDON
Name of publisher, distributor, etc. JONES and BAERLETT
300 ## - PHYSICAL DESCRIPTION
Extent XVII,391P.
500 ## - GENERAL NOTE
General note INCLUDES AN INDEX
650 ## - SUBJECT ADDED ENTRY
Topical term or geographic name entry element COMPUTERS-ACCESS
700 ## - ADDED ENTRY--PERSONAL NAME
Personal name BALLAD, TRICIA AND ERIN BANKS
942 ## - ADDED ENTRY ELEMENTS (KOHA)
Source of classification or shelving scheme Library of Congress Classification
Koha item type Long Loan Book
Holdings
Withdrawn status Lost status Source of classification or shelving scheme Damaged status Not for loan Collection Home library Current library Shelving location Date acquired Inventory number Total checkouts Full call number Barcode Date last seen Copy number Price effective from Koha item type
    Library of Congress Classification     Science & Technology Kisii University Library Kisii University Library On Display 06/20/2025 108411   TK 5105.59 .B35 2011 000000015841 06/20/2025 C.1 06/20/2025 Long Loan Book
    Library of Congress Classification     Science & Technology Kisii University Library Kisii University Library On Display 07/18/2025 109299   TK 5105.59 .B35 2011 000000018240 07/18/2025 2 07/18/2025 Long Loan Book